guess the singer by their eyes - Statistics

General Stats
  • This quiz has been taken 238 times
  • The average score is 9 of 12
Answer Stats
Picture Answer % Correct
ariana grande
97%
ed sheeran
97%
billie eilish
96%
bruno mars
93%
drake
91%
olivia rodrigo
88%
adele
81%
cardi b
79%
xxxtentacion
69%
lana del rey
60%
frank ocean
36%
dave
16%
No matching quizzes found
Score Distribution
Percent of People with Each Score
Percentile by Number Answered
Your Score History
You have not taken this quiz